Statistiques concernant Les pays frontaliers de l'Allemagne

Cliquez ici pour prendre le quiz!

Statistiques générales

  • Ce quiz a été pris 105 fois
  • Le résultat moyen est 9 sur 9

Statistiques - réponses

km de frontièresPays% Correct
167 kmBelgique
100%
451 kmFrance
99%
456 kmPologne
98%
334 kmSuisse
98%
784 kmAutriche
97%
138 kmLuxembourg
97%
577 kmPays Bas
95%
646 kmRépublique Tchèque
95%
68 kmDanemark
87%

Distribution des résultats

Percentile par nombre de réponses

% des personnes avec chaque résultat

Votre développement - résultats

Vous n’avez pas pris ce quiz